000 00671nam a2200181 4500
001 127408
003 ES-MaACL
005 20230906193018.0
007 t|
008 070214s1958 sp r ||||1| spa d
100 1 _aRichter, Herbert P.
_996979
245 1 0 _aManual práctico del instalador electricista
_b: con el reglamento español para instalaciones de baja tensión /
_cHerbert P. Richter ; traducción de Federico Armenter de Monasterio.
250 _a1ª ed.
260 _aBarcelona [etc.] :
_bJosé Montesó,
_c1958.
300 _aXVI, 342 p. :
_bil. ;
_c22 cm.
700 1 _aArmenter de Monasterio, Federico.
_922956
852 _aES-MaACL
_jC-15070
_bR.42936
999 _c127408
_d127408